Вып. 15; Труды Ленинградского технологического института имени Ленинградского совета (Ленсовета)

Detaylı Bibliyografya
Parent link:Труды Ленинградского технологического института имени Ленинградского совета (Ленсовета): [сборник]/ Ленинградский технологический институт им. Ленсовета (ЛТИ). Вып. 15.— , 1945-
Diğer Yazarlar: Залькинд Ю. С. (редактор)
Dil:Rusça
Baskı/Yayın Bilgisi: 1947
Konular:
Materyal Türü: MixedMaterials Kitap
KOHA link:https://koha.lib.tpu.ru/cgi-bin/koha/opac-detail.pl?biblionumber=319891

MARC

LEADER 00000nam2a2200000 4500
001 319891
005 20231102003225.0
035 |a (RuTPU)RU\TPU\book\345401 
035 |a RU\TPU\book\345903 
035 |a RU\TPU\book\345396 
090 |a 319891 
100 |a 20160627d1947 k y0rusy50 ca 
101 0 |a rus 
102 |a RU 
105 |a a z 001zy 
200 0 |a Вып. 15  |f под ред. Ю. С. Залькинда 
210 |d 1947 
215 |a 196 с.  |c ил. 
320 |a Библиогр. в примеч. 
461 1 |0 (RuTPU)RU\TPU\book\345898  |t Труды Ленинградского технологического института имени Ленинградского совета (Ленсовета)  |o [сборник]  |f Ленинградский технологический институт им. Ленсовета (ЛТИ)  |v Вып. 15  |d 1945- 
606 1 |a Химическая технология  |x Процессы  |2 stltpush  |3 (RuTPU)RU\TPU\subj\31251  |9 54153 
610 1 |a химические реакции 
610 1 |a органические соединения 
610 1 |a гидрогенизация 
610 1 |a окислители 
610 1 |a эластомеры 
610 1 |a резиновая промышленность 
610 1 |a химическая аппаратура 
610 1 |a конструкции 
610 1 |a случайные погрешности 
675 |a 66.021  |v 4 
702 1 |a Залькинд  |b Ю. С.  |4 340 
801 1 |a RU  |b 63413507  |c 20160615 
801 2 |a RU  |b 63413507  |c 20191003  |g RCR 
942 |c BK